000 00718nab a2200229 a 4500
005 20210219161749.0
008 991125s1985 mx 000 0 spa u
035 _aUPN01000191300
222 _aINFANCIA Y APRENDIZAJE =
222 _bJOURNAL FOR THE STUDY OF EDUCATION AND DEVELOPMENT
245 _aLa adquisición del vocabulario en niños con Sìndrome de Down : datos normativos y tendencias de desarrollo
260 _aMadrid, España
300 _a111-122
362 0 _a2012 Vol. 35, no. 1, feb.
653 0 _aSINDROME DE DOWN
653 0 _aLENGUAJE
653 0 _aNIÑOS
653 0 _aDISCAPACIDAD INTELECTUAL
700 1 _aGaleote Moreno, Miguel Angel,
700 1 _ecoaut.
905 _aArticulo
999 _c163403
_d163403